| 000 | 00736nam a2200217 u 4500 | ||
|---|---|---|---|
| 005 | 20210223131256.0 | ||
| 008 | 100507s2006 es r 000 0 spa d | ||
| 020 | _a8420468266 | ||
| 035 | _aUPN01000175704 | ||
| 049 | _aI | ||
| 050 | 4 |
_aPZ71 _bB7.67 |
|
| 100 | 1 |
_aBrezina, Thomas, _d1963- _931149 |
|
| 245 | 1 | 3 |
_aLa orca envenenada : _b16 casos + tarjeta descodificadora / _cThomas Brezina ; tr. Frank Schleper. |
| 260 |
_aMadrid : _bAlfaguara, _c2006. |
||
| 300 |
_a125 p. : _bil. |
||
| 440 | 3 |
_aEl club detective ; _v1 |
|
| 534 |
_pTítulo original: _tDie Knickerbocker bande : gift für den killerwal |
||
| 650 | 4 |
_aCUENTOS INFANTILES AUSTRIACOS _912943 |
|
| 650 | 4 |
_aDETECTIVES - _vLITERATURA INFANTIL _912470 |
|
| 905 | _aInfantil | ||
| 999 |
_c147807 _d147807 |
||